000 00894cam a2200217 4500
001 WB4012-09
008 040325n2004 000 0 eng u
035 _a(Sirsi) u125584
245 _aHomelessness crisis worsens in south
260 _c2004
490 _aInside Housing
_v21(11) 19 March 2004, 6(1)
520 _aNew figures from the National Housing Federation reveal that problems of affordability and supply are worsening at a faster rate in the southwest of England than in the southeast for the first time. Waiting lists and homelessness have both increased, according to the latest issues of "The evidence". Copies of the booklets are available from http://www.housing.org.uk.
590 _aWB
590 _aWB
650 _aHOMELESSNESS
650 _aAffordable housing
_96215
650 _aWAITING LISTS
650 _aHOUSING SUPPLY
690 _aHOUSING
942 _n0
999 _c117140
_d117140